000 00763nam a22002537a 4500
001 7891
003 FISKH
005 20250813095958.0
008 250813b cb ||||| |||| 00| 0 eng d
040 _aFISKH
_beng
_cFISKH
_dFISKH
050 _aPZ8.K1283 T
082 _a543
100 _aKatz, Karen
245 _aTwelve hats for lena :
_bA book of months /
_cKatz, Karen
260 _aNew York :
_bMargaret K. McElderry Books,
_c2002.
300 _a30 unnumbered pages :
_bcolor illustrations ;
_c22 cm
505 _aE
520 _aLena Katz creates hats appropriate for each month of the year.
521 8 _a160
_bLexile estimate
521 8 _aE
_bRaz-Plus
650 _aPicture book
_vHolidays
_xMath
942 _2ddc
_cBK
_n0
999 _c7891
_d7891